Property valuation tables

Bibliographic Details
Main Author: Bowcock, Philip
Format: Book
Published: London : MacMillan , 1978
Subjects:

MARC

LEADER 00000cam a2200000 7i4500
001 0000008752
005 20160921.0
020 |a 0333237293 
040 |a INS 
090 0 0 |a HD598   |b B69 1978 
100 1 |a Bowcock, Philip 
245 1 0 |a Property valuation tables   |c Philip Bowcock 
260 |a London :   |b MacMillan ,   |c 1978 
300 |a 360p ;   |c 24 cm. 
650 0 0 |a Real property   |x Valuation   |z Great Britain   |x Tables 
999 |a 0000023286   |b BOOK   |c Open Shelf   |e Default branch